000 01532nam a2200325 c 4500
003 BLK
005 20180422114630.0
008 180411b bul|||||r ||||||| ||bul||
010 _aKNG00182578000
040 _aBLK
041 _aBUL
_cBUL
080 _aЕтеричномаслени растения. Ароматни, оцветителни, дъбилни, лекарствени растения
_b633.8
_x
_z633.8
100 1 _aСтоянов, Нено
_eпърви автор
_9377345
139 _aСтоянов, Нено
_bС 83
245 1 0 _aРъководство за билкосъбиране
_bРъководство за разпознаване, разпространение, събиране, сушене, опаковане и съхраняване на билките
_cНено Стоянов.
250 _a3. доп. изд.
257 _aBGR
260 София
_bЗемиздат
_c1966
300 _a627 с.
_bс ил.
_c22 см
380 _a63
500 _a1. изд. 1956 със загл. Практическо ръководство за билкосъбиране на изд. Наука и изкуство. - Библиогр. с. 622-624. - 7 170 тир.
650 4 _aБилкарство - наръчници и ръководства
_9242384
653 _aбилки
653 _aръководства
852 _aЦб 37031
856 4 _qpdf
_u
856 4 _qpdf
_u
942 _cKNG
_n0
944 _aCR
_c24.09.2015
_kКина_Георгиева
944 _aED
_c24.09.2015
_kКина_Георгиева
999 _c174125
_d174125